Korelácia výsledkov miešania a chladenia emulzného polymerizačného systému v laboratórnom, poloprevádzkovom a výrobnom zariadení diplomová práca

Salvato in:
Dettagli Bibliografici
Autore principale: Orságová, Martina
Natura: Libro
Lingua:slovacco
Pubblicazione: Bratislava STU FCHPT 2016
Accesso online:Visualizza in OPAC
Tags: Aggiungi Tag
Nessun Tag, puoi essere il primo ad aggiungerne!!

MARC

LEADER 00000nam a2200000 a 4500
005 20260127134118.0
008 160707 2016 000 0 slo d
035 |a vtls011565210 
039 9 |a 201607071131  |b mschk03  |y 201607071130  |z mschk03 
040 |a STUSCHK1  |b slo  |c STUSCHK1  |e AACR2 
100 1 |a Orságová, Martina 
245 1 |a Korelácia výsledkov miešania a chladenia emulzného polymerizačného systému v laboratórnom, poloprevádzkovom a výrobnom zariadení  |b diplomová práca  |c Martina Orságová 
260 |a Bratislava  |b STU FCHPT  |c 2016 
300 |a 74 s.  |b il.  |c 25 cm 
500 |a Študijný program: chemické inžinierstvo 
500 |a Študijný odbor: chemické inžinierstvo 
500 |a Školiace pracovisko: Ústav chemického a environmentálneho inžinierstva 
500 |a Evid. číslo: FCHPT-5433-43129 
910 |a SCHK95 
999 |c 4344  |d 4344